000 00645nam a2200253Ia 4500
003 OSt
005 20221006143659.0
006 a|||||r|||| 00| 0
007 ta
008 221006b |||||||| |||| 00| 0 eng d
020 _c
_35.00
024 _a9,636
037 _cTextual
040 _aEASL
_cEASL
_beng
041 _2eng
_aeng
082 _aV42.M7<--K1, P2
100 _aMcCLAIN James L
_9649053
245 0 _aJapan
_b A modern history
260 _aNew York
_bW.W. Norton
_c2002
300 _a632p.
_ccm.
490 _v JEL
942 _hV42.M7<--K1, P2
_cTEXL
_2CC
999 _c1077722
_d1077722